000
00435nam a2200145Ia 4500
008
090124s9999 xx 000 0 und d
082
_b
202226
245
_a
फळझाडांची लागवड
250
_a
4
260
_b
उद्यम प्रकाशन
_c
1970
300
_a
163
630
_a
फळझाडांची लागवड
730
_a
फळझाडांची लागवड
942
_c
BOOK
999
_c
183807
_d
183807